The Ultimate Geography Quiz Stats

 Plays Quiz not verified by Sporcle

Score 0/30 Timer 06:00
0 Plays Today
Question Answer % Correct
Which continent has the highest population?Asia
91.2%
Bogotá is the capital of which South American country?Colombia
89.2%
What country officially owns Greenland?Denmark
87.9%
Name the smallest country in the worldVatican City
87.9%
In what Italian city would you find a leaning tower?Pisa
87.7%
What is the smallest US state by area?Rhode Island
86.4%
Phnom Penh is the capital of which Asian country?Cambodia
85.7%
Lesotho is completely surrounded by what country?South Africa
85.5%
What is the largest US state by area?Alaska
84.6%
Siam is the former name of which country?Thailand
82.2%
In which country would you find Mount Kilimanjaro?Tanzania
80.2%
Which country has the longest coastline in the world?Canada
79.6%
How many countries does Russia border?14
79.3%
What is the largest lake in the US?Lake Superior
78.9%
What is the largest country in Africa by area?Algeria
78.7%
Question Answer % Correct
How many stars feature on the Chinese flag?5
78%
Which US state borders only one other US state?Maine
77.6%
What is the only mainland North American country to not have a Pacific Border? Belize
74.5%
In which country would you find Angkor Wat?Cambodia
74.5%
Which US state has the longest border with CanadaAlaska
71.4%
In which state would you find the George Washington, Thomas Jefferson, Theodore Roosevelt and Abraham Lincoln in the same place?South Dakota
67.5%
What is the most active volcano in Europe? Mount Etna
66.6%
Name the largest landlocked country in the worldKazakhstan
65.9%
Which 2 countries in South America do not share a border with BrazilEcuador and Chile
65.7%
Name the longest river in AsiaYangtze
64.8%
What is the name of the mountain range found between France and Spain?Pyrenees
63.1%
The aral sea borders Kazakhstan and what other country?Uzbekistan
62.9%
What is the longest river in North America?Missouri River
62.2%
What is the longest river in Europe?Volga River
60%
Name the deepest lake in the worldLake Baikal
51.2%

You're not logged in!

Compare scores with friends on all Sporcle quizzes.
OR
Log In

Sporcle TV

Today on Sporcle TV


Watch our educational content, quiz creation guides, and fun videos on Sporcle TV.

Show Comments

Extras

Top Quizzes Today


Score Distribution

Your Account Isn't Verified!

In order to create a playlist on Sporcle, you need to verify the email address you used during registration. Go to your Sporcle Settings to finish the process.

Report this User

Report this user for behavior that violates our Community Guidelines.

Details: